<?xml version="1.0" encoding="UTF-8"?>
<record
    xmlns:xsi="http://www.w3.org/2001/XMLSchema-instance"
    xsi:schemaLocation="http://www.loc.gov/MARC21/slim http://www.loc.gov/standards/marcxml/schema/MARC21slim.xsd"
    xmlns="http://www.loc.gov/MARC21/slim">

  <leader>01965    a2200229   4500</leader>
  <controlfield tag="001">59007</controlfield>
  <controlfield tag="005">20260407155844.0</controlfield>
  <controlfield tag="008">260407a1955    arg                 spa d</controlfield>
  <controlfield tag="003">AR-UNSa-BCEJYS</controlfield>
  <datafield tag="040" ind1=" " ind2=" ">
    <subfield code="a">AR-UNSa-BCEJYS</subfield>
    <subfield code="b">spa</subfield>
    <subfield code="c">AR-UNSa-BCEJYS</subfield>
  </datafield>
  <datafield tag="080" ind1=" " ind2=" ">
    <subfield code="a">330.35</subfield>
    <subfield code="x">Crecimiento econ&#xF3;mico</subfield>
  </datafield>
  <datafield tag="245" ind1="1" ind2="0">
    <subfield code="a">Pol&#xED;tica fiscal y ciclo econ&#xF3;mico</subfield>
  </datafield>
  <datafield tag="250" ind1=" " ind2=" ">
    <subfield code="a">2a. ed.</subfield>
  </datafield>
  <datafield tag="264" ind1=" " ind2="1">
    <subfield code="a">Buenos Aires :</subfield>
    <subfield code="b">Fondo de Cultura Econ&#xF3;mica</subfield>
    <subfield code="c">1955</subfield>
  </datafield>
  <datafield tag="300" ind1=" " ind2=" ">
    <subfield code="a">381 p.</subfield>
    <subfield code="c">22 cm.</subfield>
  </datafield>
  <datafield tag="505" ind1=" " ind2=" ">
    <subfield code="a">Parte I: Explicaci&#xF3;n de la d&#xE9;cada 1930-1939: 1. La d&#xE9;cada 1930-1939 y los ciclos econ&#xF3;micos anteriores &#x2013; 2. Inversi&#xF3;n y consumo (1920-1939) &#x2013; 3. La pol&#xED;tica monetaria durante la depresi&#xF3;n &#x2013; 4. La pol&#xED;tica fiscal en la recuperaci&#xF3;n &#x2013; 5. La recuperaci&#xF3;n en Gran Breta&#xF1;a &#x2013; Parte II: El papel cambiante de la pol&#xED;tica fiscal: 6. Antigua y moderna pol&#xED;tica fiscal &#x2013; 7. Car&#xE1;cter variable de los gastos p&#xFA;blicos &#x2013; 8. La estructura fiscal &#x2013; 9. Desarrollo y papel de la deuda p&#xFA;blica &#x2013; 10. Teor&#xED;a y pr&#xE1;ctica presupuestales &#x2013; Parte III: Pol&#xED;tica fiscal y ocupaci&#xF3;n plena de los recursos: 11. El modulo c&#xED;clico del consumo y el ingreso &#x2013; 12. Fomento monetario y pol&#xED;tica fiscal compensatoria &#x2013; 13. Pol&#xED;tica fiscal compensatoria &#x2013; 14. La econom&#xED;a din&#xE1;mica frente a la de corriente circular &#x2013; 15. Flexibilidad de los precios y ocupaci&#xF3;n plena de los recursos &#x2013; Parte IV: Incentivos a la inversi&#xF3;n pasado y presente: 16. Papel de las inversiones en la econom&#xED;a moderna &#x2013; 17. Expansi&#xF3;n extensiva e intensiva &#x2013; 18. Primeros m&#xE9;todos de financiamiento &#x2013; 19. El efecto de la estructura impositiva sobre la inversi&#xF3;n &#x2013; 20. La econom&#xED;a dual &#x2013; Parte V: La econom&#xED;a de la postguerra: 21. Ocupaci&#xF3;n plena en la postguerra &#x2013; 22. Consumo e ingreso nacional en la postguerra</subfield>
  </datafield>
  <datafield tag="942" ind1=" " ind2=" ">
    <subfield code="c">BK</subfield>
  </datafield>
  <datafield tag="590" ind1=" " ind2=" ">
    <subfield code="a">niveau_biblio:m niveau_hierar:0</subfield>
  </datafield>
  <datafield tag="100" ind1="1" ind2=" ">
    <subfield code="a">Hansen, Alvin H.</subfield>
  </datafield>
  <datafield tag="700" ind1="1" ind2=" ">
    <subfield code="a">Fern&#xE1;ndez Maza, Rafael</subfield>
  </datafield>
  <datafield tag="700" ind1="1" ind2=" ">
    <subfield code="a">Lara, Crist&#xF3;bal</subfield>
  </datafield>
  <datafield tag="999" ind1=" " ind2=" ">
    <subfield code="c">6560</subfield>
    <subfield code="d">6560</subfield>
  </datafield>
  <datafield tag="952" ind1=" " ind2=" ">
    <subfield code="0">0</subfield>
    <subfield code="1">0</subfield>
    <subfield code="4">0</subfield>
    <subfield code="7">0</subfield>
    <subfield code="a">BCEJYS</subfield>
    <subfield code="b">BCEJYS</subfield>
    <subfield code="c">16</subfield>
    <subfield code="d">2026-04-07</subfield>
    <subfield code="l">0</subfield>
    <subfield code="o">330.35 H249 2ed.</subfield>
    <subfield code="p">L20401</subfield>
    <subfield code="r">2026-04-07 15:58:44</subfield>
    <subfield code="w">2026-04-07</subfield>
    <subfield code="y">L</subfield>
  </datafield>
</record>
